000 00900nam a2200241 i 4500
001 13822
003 ES-MaACL
005 20230906150654.0
007 t|
008 980709s1976 sp f c |||| | spa d
020 _a84-369-0099-5
080 _a093:016
080 _a017.1(460.285)BP
080 _a016:093
110 2 _aBiblioteca Pública Provincial (Toledo)
_92208
245 1 0 _aCatálogo de los incunables de la Biblioteca Pública de Toledo
_b: (colección Borbón-Lorenzana) /
_cpor Julia Méndez Aparicio.
260 _aMadrid :
_bMinisterio de Educación y Ciencia,
_c1976.
300 _a242 p., LVII p. de lám. ;
_c24 cm.
650 1 4 _aIncunables-
_zBiblioteca Pública Provincial (Toledo)-
_vCatálogos.
_913655
650 1 4 _aLibros-
_yS.XVI-
_zBiblioteca Pública Provincial (Toledo)-
_vCatálogos.
_914442
700 1 _aMéndez Aparicio, Julia.
_980139
852 _aES-MaACL
_jL-21283
999 _c13822
_d13822